| 000 | 02167nam a2200361 4500 | ||
|---|---|---|---|
| 001 | 356 | ||
| 003 | OSt | ||
| 005 | 20250528074019.0 | ||
| 008 | 250401b |||||||g |||| 00| 1 eng d | ||
| 040 | _bpor | ||
| 041 |
_hita _apor |
||
| 082 |
_a853 _bE19n |
||
| 100 | 1 |
_aEco, Umberto, _d1932-2016 _9409 |
|
| 240 | _aIl nome della rosa | ||
| 245 |
_aO nome da Rosa / _cEco, Umberto ; Tradução de Aurora Bernardi e Homero Freitas de Andrade |
||
| 260 |
_aSão Paulo _bO Globo _c2003 |
||
| 300 | _a479 p. | ||
| 490 | 1 |
_aBiblioteca Folha _vvol. 02 |
|
| 520 | _aFicção de estréia de um dos mais respeitados teóricos da semiótica, O Nome da Rosa transformou-se em prodígio editorial logo após seu lançamento, em 1980. Tamanho sucesso não parecia provável para um romance cuja trama se desenrola em um mosteiro italiano na última semana de novembro de 1327. Ali, em meio a intensos debates religiosos, o frade franciscano inglês Guilherme de Baskerville e seu jovem auxiliar, Adso, envolvem-se na investigação das insólitas mortes de sete monges, em sete dias e sete noites. Os crimes se irradiam a partir da biblioteca do mosteiro - a maior biblioteca do mundo cristão, cuja riqueza ajuda a explicar o título do romance: "o nome da rosa" era uma expressão usada na Idade Média para denotar o infinito poder das palavras. Narrado com a astúcia e graça de quem apreciou (e explicou) como poucos as artes do romance policial, O Nome da Rosa encena discussões de grandes temas da filosofia europeia, num contexto que faz desses debates um ingrediente a mais da ficção. O livro de Eco é ainda uma defesa da comédia - a expressão do homem livre, capaz de resistir com ironia ao peso de homens e livros. | ||
| 650 | 0 |
_aLiteratura italiana _9164 |
|
| 650 | 0 |
_aReligião _9100 |
|
| 650 | 0 |
_aMedieval _9170 |
|
| 650 | 0 |
_aPolêmica _9117 |
|
| 650 | 0 |
_aHistórico _953 |
|
| 650 | 0 |
_aClássicos _977 |
|
| 650 | 0 |
_aHumor _960 |
|
| 655 | 0 |
_aRomance _923 |
|
| 655 | 0 |
_aFicção _922 |
|
| 700 |
_aAurora Bernardi _eTradução _9413 |
||
| 700 |
_aHomero Freita de Andrade _eTradutor _9414 |
||
| 830 |
_aBiblioteca Folha _vvol. 02 _9734 |
||
| 942 |
_2ddc _n0 _cBK |
||
| 999 |
_c356 _d356 |
||